[Event "Zonal Oceania 2009"]
[Site "Tweed Heads AUS"]
[Date "2009.06.22"]
[Round "6.23"]
[White "Kumar, Manoj"]
[Black "Stahnke, Alexander"]
[Result "1-0"]
[WhiteElo "2017"]
[BlackElo "1795"]
[PlyCount "77"]
[EventDate "2009.06.20"]
[EventType "swiss"]
[EventRounds "9"]
[EventCountry "AUS"]
[Source "lmi"]
[SourceDate "2009.06.20"]

1. e4 c5 2. c3 e6 3. d4 cxd4 4. cxd4 a6 5. Nc3 b5 6. Nf3 Bb7 7. Bd3 Nf6 8. a3
Be7 9. O-O d6 10. Re1 Nbd7 11. b3 Rc8 12. Bb2 Rc7 13. Rc1 O-O 14. Bb1 Qa8 15.
Qd3 g6 16. e5 Nh5 17. Nd5 Bxd5 18. Rxc7 Nf4 19. Qe3 Bxf3 20. Qxf3 Qxf3 21. gxf3
Rd8 22. Bc1 Nd5 23. Ra7 dxe5 24. dxe5 Bc5 25. Rxa6 Nb8 26. Ra5 Nc7 27. Be4 Bb6
28. b4 Bxa5 29. bxa5 Nd5 30. Bg5 Rd7 31. Rc1 Na6 32. Rc6 Ndc7 33. Rd6 Nb8 34.
Bc6 Rxd6 35. exd6 Nd5 36. Bxd5 exd5 37. a6 Nc6 38. d7 f6 39. a7 1-0

[Event "Zonal Oceania 2009"]
[Site "Tweed Heads AUS"]
[Date "2009.06.22"]
[Round "6.24"]
[White "Yuan, Yi"]
[Black "Prasad, Calvin"]
[Result "1/2-1/2"]
[WhiteElo "2010"]
[BlackElo "1912"]
[PlyCount "73"]
[EventDate "2009.06.20"]
[EventType "swiss"]
[EventRounds "9"]
[EventCountry "AUS"]
[Source "lmi"]
[SourceDate "2009.06.20"]

1. e4 e6 2. Nf3 d5 3. Nc3 dxe4 4. Nxe4 Bd7 5. d4 Bc6 6. Bd3 Nd7 7. O-O Ngf6 8.
Qe2 Nxe4 9. Bxe4 Bxe4 10. Qxe4 c6 11. c4 Be7 12. b3 O-O 13. Bb2 Qc7 14. Rac1
Qa5 15. Ba1 Rac8 16. Rcd1 Bf6 17. a4 Qb6 18. Rd3 c5 19. Ne5 Bxe5 20. dxe5 Rfd8
21. Rfd1 Nf8 22. Rd6 Rxd6 23. exd6 Qxb3 24. Qg4 Ng6 25. h4 f5 26. Qe2 Nf4 27.
Qf1 Rd8 28. g3 Ng6 29. Qe1 Qxc4 30. d7 Qe4 31. Qc3 e5 32. Qxc5 Qc6 33. Qxa7
Rxd7 34. Qb8+ Kf7 35. Rxd7+ Qxd7 36. Bxe5 Nxe5 37. Qxe5 1/2-1/2

[Event "Zonal Oceania 2009"]
[Site "Tweed Heads AUS"]
[Date "2009.06.26"]
[Round "6.26"]
[White "Searle, Zachary"]
[Black "Weller, Tony"]
[Result "1-0"]
[WhiteElo "1791"]
[BlackElo "1987"]
[PlyCount "133"]
[EventDate "2009.06.20"]
[EventType "swiss"]
[EventRounds "9"]
[EventCountry "AUS"]
[Source "lmi"]
[SourceDate "2009.06.20"]

1. e4 c5 2. Nf3 e6 3. d4 cxd4 4. Nxd4 Bc5 5. Nb3 Bb6 6. Bc4 Ne7 7. Nc3 a6 8.
O-O Nbc6 9. Bg5 O-O 10. Kh1 f6 11. Bf4 Bc7 12. Bxc7 Qxc7 13. a4 b6 14. f4 Bb7
15. Qe2 f5 16. e5 Ng6 17. Rad1 Nh4 18. Rf2 Nb4 19. Kg1 Rac8 20. Bd3 Kh8 21. Nd4
Qc5 22. Nb3 Qc7 23. Nd4 Rg8 24. Qh5 Qd8 25. g3 Ng2 26. Rxg2 Bxg2 27. Kxg2 g5
28. Qf3 gxf4 29. Qxf4 Rg4 30. Qf2 Nxd3 31. Rxd3 Qc7 32. h3 Rg6 33. Qf4 Rcg8 34.
Nce2 Qc4 35. Nb3 Qxc2 36. Nbc1 Qxb2 37. Rb3 Qc2 38. Rc3 Qb2 39. Rb3 Qc2 40. Rc3
Qe4+ 41. Qxe4 fxe4 42. Re3 d5 43. exd6 Rd8 44. Rxe4 Rxd6 45. Nf4 Rf6 46. Ncd3
Kg8 47. h4 Kf7 48. Ne5+ Ke7 49. Nc4 Rd1 50. Nxb6 Kd6 51. Nc4+ Kc5 52. Nxe6+ Kd5
53. Ng5 Ra1 54. Ne3+ Kc6 55. Nxh7 Ra2+ 56. Kh3 Rd6 57. Ng5 Rd3 58. Nf5 Rda3 59.
Re6+ Kb7 60. Ne4 a5 61. Nc5+ Kb8 62. Nd6 Rf3 63. Nb5 Rf8 64. Nd7+ Ka8 65. Nxf8
Rxa4 66. Nd7 Rb4 67. Rb6 1-0

[Event "Zonal Oceania 2009"]
[Site "Tweed Heads AUS"]
[Date "2009.06.22"]
[Round "6.28"]
[White "Norris, Damian"]
[Black "Egan, Bill"]
[Result "1-0"]
[WhiteElo "2142"]
[BlackElo "1795"]
[PlyCount "83"]
[EventDate "2009.06.20"]
[EventType "swiss"]
[EventRounds "9"]
[EventCountry "AUS"]
[Source "lmi"]
[SourceDate "2009.06.20"]

1. e4 e6 2. d4 d5 3. Nc3 dxe4 4. Nxe4 Bd7 5. c3 Bc6 6. Bd3 Bxe4 7. Bxe4 c6 8.
Nh3 Nd7 9. Qe2 Ngf6 10. Bg5 Be7 11. Bc2 Nd5 12. Bxe7 Qxe7 13. O-O N7f6 14. f4
O-O-O 15. f5 exf5 16. Bxf5+ Kb8 17. Qxe7 Nxe7 18. Bc2 h6 19. Bb3 Ned5 20. Rae1
Rhe8 21. g3 Rxe1 22. Rxe1 Re8 23. Rxe8+ Nxe8 24. Bxd5 cxd5 25. Nf4 Nf6 26. Kg2
Kc7 27. Kf3 Kd6 28. Nd3 Ne4 29. Kf4 Ke6 30. g4 g5+ 31. Ke3 f5 32. Nc5+ Nxc5 33.
gxf5+ Kxf5 34. dxc5 Ke5 35. b4 h5 36. b5 g4 37. a4 h4 38. a5 Ke6 39. c6 b6 40.
axb6 axb6 41. Kf4 g3 42. hxg3 1-0

[Event "Zonal Oceania 2009"]
[Site "Tweed Heads AUS"]
[Date "2009.06.22"]
[Round "6.29"]
[White "Jones, Rupert"]
[Black "Ford, Daniel"]
[Result "1-0"]
[WhiteElo "1962"]
[BlackElo "1792"]
[PlyCount "43"]
[EventDate "2009.06.20"]
[EventType "swiss"]
[EventRounds "9"]
[EventCountry "AUS"]
[Source "lmi"]
[SourceDate "2009.06.20"]

1. e4 e6 2. d4 d5 3. e5 c5 4. c3 Qb6 5. Nf3 Bd7 6. a3 cxd4 7. cxd4 Bb5 8. Be2
Nc6 9. Be3 Bxe2 10. Qxe2 Nge7 11. O-O Nf5 12. b4 a5 13. Nbd2 axb4 14. axb4 Rxa1
15. Rxa1 Bxb4 16. Ra8+ Nd8 17. Ra1 O-O 18. Rb1 Nc6 19. Nb3 Qc7 20. Rc1 Qd7 21.
Qb5 Be7 22. Na5 1-0

[Event "Zonal Oceania 2009"]
[Site "Tweed Heads AUS"]
[Date "2009.06.22"]
[Round "6.34"]
[White "Hernandez, Roberto"]
[Black "Hughes, Harry"]
[Result "1-0"]
[WhiteElo "1820"]
[BlackElo "1554"]
[PlyCount "83"]
[EventDate "2009.06.20"]
[EventType "swiss"]
[EventRounds "9"]
[EventCountry "AUS"]
[Source "lmi"]
[SourceDate "2009.06.20"]

1. e4 e6 2. d4 d5 3. Nc3 c5 4. Nf3 Nc6 5. Be3 b6 6. dxc5 dxe4 7. Nxe4 f5 8.
Nd6+ Bxd6 9. cxd6 Nf6 10. Bb5 Bb7 11. Ne5 Rc8 12. Qd3 a6 13. Nxc6 Bxc6 14. Bxa6
Be4 15. Qb5+ Bc6 16. Qxb6 Qxb6 17. Bxb6 Bxg2 18. Bxc8 Bxh1 19. d7+ Nxd7 20.
Bxd7+ Kxd7 21. O-O-O+ Kc6 22. Bd4 Bf3 23. Rd3 Be4 24. Rc3+ Kd5 25. Bxg7 Ra8 26.
a3 f4 27. f3 Bf5 28. b4 Ra7 29. Rc5+ Kd6 30. Be5+ Kd7 31. Kb2 Ke7 32. Bxf4 Kf6
33. h4 h5 34. b5 Rb7 35. c4 Rd7 36. Be5+ Kg6 37. b6 Rd2+ 38. Kb3 Rd3+ 39. Kb4
Rxf3 40. b7 Bc2 41. Bc3 Rf8 42. Rc8 1-0

[Event "Zonal Oceania 2009"]
[Site "Tweed Heads AUS"]
[Date "2009.06.22"]
[Round "6.36"]
[White "Raicar, Gaurav"]
[Black "Canfell, Mike"]
[Result "0-1"]
[WhiteElo "1560"]
[BlackElo "1932"]
[PlyCount "108"]
[EventDate "2009.06.20"]
[EventType "swiss"]
[EventRounds "9"]
[EventCountry "AUS"]
[Source "lmi"]
[SourceDate "2009.06.20"]

1. d4 Nf6 2. Nf3 g6 3. c4 Bg7 4. Nc3 O-O 5. Bf4 d6 6. e3 Nbd7 7. h3 c5 8. d5
Qa5 9. Qa4 Qxa4 10. Nxa4 b5 11. cxb5 Nxd5 12. Rc1 N7b6 13. Nc3 Nxf4 14. exf4 a6
15. bxa6 Bxa6 16. Bxa6 Rxa6 17. Rc2 Rfa8 18. a3 Rb8 19. O-O Bxc3 20. Rxc3 Nd5
21. Rc2 Nxf4 22. Re1 Kf8 23. Nd2 Ne6 24. Nb1 Nd4 25. Rd2 Rb3 26. Re3 Ke8 27.
Rxb3 Nxb3 28. Rc2 Nd4 29. Rc4 e5 30. Nc3 Rb6 31. b4 cxb4 32. Rxb4 Rxb4 33. axb4
Kd7 34. Kf1 Kc6 35. f3 d5 36. Kf2 f5 37. g3 Nb5 38. Ne2 d4 39. Nc1 Kd5 40. Nd3
e4 41. fxe4+ fxe4 42. Nf4+ Ke5 43. Ne2 d3 44. Nf4 Nc3 45. Nxd3+ exd3 46. Ke3
Nd5+ 47. Kxd3 Nxb4+ 48. Ke3 Nd5+ 49. Kf3 h6 50. g4 Nf4 51. h4 Nd5 52. Kg3 Ke4
53. g5 h5 54. Kh3 Kf3 0-1

[Event "Zonal Oceania 2009"]
[Site "Tweed Heads AUS"]
[Date "2009.06.24"]
[Round "7.1"]
[White "Smerdon, David"]
[Black "Morris, James"]
[Result "1-0"]
[WhiteElo "2489"]
[BlackElo "2114"]
[PlyCount "87"]
[EventDate "2009.06.20"]
[EventType "swiss"]
[EventRounds "9"]
[EventCountry "AUS"]
[Source "lmi"]
[SourceDate "2009.06.20"]

1. e4 c5 2. Nf3 e6 3. c3 Nf6 4. e5 Nd5 5. d4 cxd4 6. cxd4 d6 7. Bc4 Nc6 8. O-O
Be7 9. Qe2 O-O 10. Nc3 Nxc3 11. bxc3 Qc7 12. Bd3 dxe5 13. dxe5 Rd8 14. Re1 b6
15. Bg5 Bb7 16. Rad1 h6 17. Bd2 Bf8 18. Bc2 Rac8 19. Qe4 g6 20. Qh4 Nb4 21. Be4
Bxe4 22. Rxe4 Nxa2 23. Rg4 Nxc3 24. Re1 Qe7 25. Qh3 Qa3 26. Bxh6 Rd1 27. Rxd1
Nxd1 28. Rxg6+ fxg6 29. Qxe6+ Kh7 30. Qxc8 Kxh6 31. Qh3+ Kg7 32. Qd7+ Be7 33.
Qxd1 a5 34. h4 a4 35. Nd4 Qb4 36. Nc6 Qc5 37. Qxa4 b5 38. Qe4 Bxh4 39. Qxh4
Qxc6 40. Qe7+ Kh6 41. Qf8+ Kg5 42. g3 Qc1+ 43. Kh2 Qc4 44. e6 1-0

[Event "Zonal Oceania 2009"]
[Site "Tweed Heads AUS"]
[Date "2009.06.24"]
[Round "7.2"]
[White "Bjelobrk, Igor"]
[Black "Xie, George"]
[Result "1-0"]
[WhiteElo "2332"]
[BlackElo "2402"]
[PlyCount "111"]
[EventDate "2009.06.20"]
[EventType "swiss"]
[EventRounds "9"]
[EventCountry "AUS"]
[Source "lmi"]
[SourceDate "2009.06.20"]

1. Nf3 Nf6 2. c4 b6 3. g3 c5 4. Bg2 Bb7 5. Nc3 g6 6. O-O Bg7 7. Re1 O-O 8. e4
Nc6 9. d3 e5 10. a3 d6 11. Bg5 h6 12. Bxf6 Bxf6 13. Nd5 Bg7 14. b4 Ne7 15. Bh3
f5 16. Nxe7+ Qxe7 17. Nh4 Qg5 18. Ra2 Rad8 19. Qd2 f4 20. a4 fxg3 21. hxg3 Qxd2
22. Rxd2 g5 23. Be6+ Kh7 24. Bf5+ Kg8 25. Be6+ Kh7 26. Nf5 cxb4 27. a5 Rf6 28.
Bd5 Bxd5 29. cxd5 Rxf5 30. exf5 bxa5 31. Ra1 Rd7 32. Rxa5 Rb7 33. Ra4 a5 34.
Rxa5 b3 35. Ra1 e4 36. Rb1 exd3 37. Rxd3 b2 38. g4 Rb4 39. f3 h5 40. gxh5 Be5
41. Kf2 Kh6 42. Ke2 Rh4 43. Re3 Kg7 44. Rxe5 dxe5 45. Ke3 Kf6 46. Rxb2 Rxh5 47.
d6 Kxf5 48. d7 Rh8 49. Rd2 Rd8 50. Rd6 e4 51. Rd5+ Ke6 52. Kxe4 Kf6 53. Rd6+
Ke7 54. Ke5 Kf7 55. Rd3 Ke7 56. Rd5 1-0

[Event "Zonal Oceania 2009"]
[Site "Tweed Heads AUS"]
[Date "2009.06.24"]
[Round "7.3"]
[White "Zhao, Zong Yuan"]
[Black "Levi, Eddy"]
[Result "1-0"]
[WhiteElo "2583"]
[BlackElo "2216"]
[PlyCount "81"]
[EventDate "2009.06.20"]
[EventType "swiss"]
[EventRounds "9"]
[EventCountry "AUS"]
[Source "lmi"]
[SourceDate "2009.06.20"]

1. d4 c5 2. d5 Nf6 3. c4 b5 4. cxb5 a6 5. bxa6 Bxa6 6. Nc3 d6 7. g3 g6 8. Bg2
Bg7 9. Nf3 O-O 10. O-O Nbd7 11. Qc2 Qa5 12. Rd1 Rfb8 13. Rb1 Ne8 14. Bd2 Nc7
15. a4 Qb6 16. b3 Nf6 17. Be1 Bb7 18. Nd2 Na6 19. Nc4 Qd8 20. Nb5 Bc8 21. Na5
Bf5 22. e4 Bg4 23. Rd3 Rc8 24. Nc6 Qe8 25. Bc3 c4 26. bxc4 Nc5 27. Re3 Nxa4 28.
Bd4 Bd7 29. Ra3 Bxc6 30. dxc6 e5 31. Be3 Ng4 32. Rxa4 Nxe3 33. fxe3 Qxc6 34.
Na7 Qe8 35. Nxc8 Rxa4 36. Nxd6 Qa8 37. c5 h5 38. Qb3 Kh7 39. Qxf7 Ra2 40. Rb7
Qa5 41. Rb5 1-0

[Event "Zonal Oceania 2009"]
[Site "Tweed Heads AUS"]
[Date "2009.06.24"]
[Round "7.4"]
[White "Garbett, Paul"]
[Black "West, Guy"]
[Result "1/2-1/2"]
[WhiteElo "2319"]
[BlackElo "2343"]
[PlyCount "91"]
[EventDate "2009.06.20"]
[EventType "swiss"]
[EventRounds "9"]
[EventCountry "AUS"]
[Source "lmi"]
[SourceDate "2009.06.20"]

1. g3 e5 2. Bg2 d5 3. d3 Nf6 4. Nf3 Nc6 5. O-O Be7 6. c4 dxc4 7. dxc4 O-O 8.
Nc3 Be6 9. Qa4 Nd7 10. Rd1 a5 11. Be3 h6 12. Ne1 Qb8 13. Bd5 Bh3 14. Bxc6 bxc6
15. Qxc6 Qxb2 16. Rab1 Qxc3 17. Rb3 Qxb3 18. axb3 Bb4 19. f3 Bxe1 20. Rxe1 Rab8
21. g4 Nf6 22. Bd2 Rxb3 23. Bxa5 h5 24. g5 Nh7 25. Bxc7 Nxg5 26. Qa4 Rb7 27.
Bxe5 Rc8 28. c5 Rxc5 29. f4 Nh7 30. Qe8+ Nf8 31. Rd1 Rc8 32. Rd8 Rxd8 33. Qxd8
Rd7 34. Qb8 Rd1+ 35. Kf2 Rc1 36. Bb2 Rc6 37. Ba3 Bc8 38. Qb5 Bd7 39. Qd5 Rc8
40. Bxf8 Be6 41. Qxh5 Rxf8 42. Qe5 Ba2 43. Qa5 Bb3 44. e4 f6 45. Ke3 Bf7 46.
Qb5 1/2-1/2

[Event "Zonal Oceania 2009"]
[Site "Tweed Heads AUS"]
[Date "2009.06.24"]
[Round "7.5"]
[White "Rej, Tomek"]
[Black "Ly, Moulthun"]
[Result "1/2-1/2"]
[WhiteElo "2308"]
[BlackElo "2340"]
[PlyCount "73"]
[EventDate "2009.06.20"]
[EventType "swiss"]
[EventRounds "9"]
[EventCountry "AUS"]
[Source "lmi"]
[SourceDate "2009.06.20"]

1. d4 Nf6 2. c4 g6 3. Nc3 Bg7 4. e4 d6 5. f3 O-O 6. Be3 e5 7. Nge2 exd4 8. Nxd4
c6 9. Qd2 Re8 10. O-O-O Nbd7 11. Kb1 Ne5 12. Be2 a6 13. g4 b5 14. g5 Nfd7 15.
f4 Nxc4 16. Bxc4 bxc4 17. Nxc6 Qc7 18. Qxd6 Qxd6 19. Rxd6 Bxc3 20. bxc3 Bb7 21.
Rhd1 Rac8 22. Na7 Bxe4+ 23. Ka1 Rc7 24. Rxd7 Rxd7 25. Rxd7 Bf5 26. Rd4 Rxe3 27.
Rxc4 Re1+ 28. Kb2 Re2+ 29. Ka1 Re1+ 30. Kb2 Re2+ 31. Ka3 Be6 32. Ra4 Rxa2+ 33.
Kb4 Rxh2 34. Kc5 Rc2 35. Kd4 Rd2+ 36. Ke3 Rc2 37. Kd4 1/2-1/2

[Event "Zonal Oceania 2009"]
[Site "Tweed Heads AUS"]
[Date "2009.06.24"]
[Round "7.7"]
[White "Oliver, Gareth"]
[Black "Lane, Gary"]
[Result "1-0"]
[WhiteElo "2187"]
[BlackElo "2371"]
[PlyCount "61"]
[EventDate "2009.06.20"]
[EventType "swiss"]
[EventRounds "9"]
[EventCountry "AUS"]
[Source "lmi"]
[SourceDate "2009.06.20"]

1. d4 d5 2. c4 c6 3. Nf3 Nf6 4. e3 e6 5. Qc2 Nbd7 6. Bd3 Bd6 7. O-O O-O 8. Nc3
dxc4 9. Bxc4 b5 10. Bb3 Bb7 11. Rd1 Qe7 12. e4 e5 13. dxe5 Bxe5 14. Nxe5 Qxe5
15. f3 Nc5 16. Ne2 Rfd8 17. Bf4 Qe7 18. Nd4 Nxb3 19. Qxb3 Ne8 20. Nf5 Qf6 21.
Qb4 h6 22. Qc5 Kh7 23. Be5 Qe6 24. Bc3 Rd7 25. Rd4 Rxd4 26. Qxd4 f6 27. Rd1 a5
28. Qd2 Bc8 29. Qd8 b4 30. Bd4 Qxa2 31. Qxe8 1-0

[Event "Zonal Oceania 2009"]
[Site "Tweed Heads AUS"]
[Date "2009.06.24"]
[Round "7.8"]
[White "Canfell, Gregory"]
[Black "Cheng, Bobby"]
[Result "0-1"]
[WhiteElo "2327"]
[BlackElo "2103"]
[PlyCount "50"]
[EventDate "2009.06.20"]
[EventType "swiss"]
[EventRounds "9"]
[EventCountry "AUS"]
[Source "lmi"]
[SourceDate "2009.06.20"]

1. e4 e6 2. d3 d5 3. Nd2 c5 4. Ngf3 Nc6 5. g3 g6 6. Bg2 Bg7 7. O-O Nge7 8. Rb1
O-O 9. a3 b5 10. b4 c4 11. exd5 exd5 12. Re1 Bb7 13. Nf1 h6 14. d4 Bc8 15. Ne3
Be6 16. c3 Qd7 17. Rb2 a5 18. Rbe2 axb4 19. axb4 Rfd8 20. Nh4 g5 21. Nf3 Ng6
22. Kh1 Bh3 23. Qc2 Bxg2+ 24. Kxg2 Nce7 25. h3 f5 0-1

[Event "Zonal Oceania 2009"]
[Site "Tweed Heads AUS"]
[Date "2009.06.24"]
[Round "7.10"]
[White "Scott, Ronald"]
[Black "Rujevic, Mirko"]
[Result "1-0"]
[WhiteElo "2261"]
[BlackElo "2282"]
[PlyCount "43"]
[EventDate "2009.06.20"]
[EventType "swiss"]
[EventRounds "9"]
[EventCountry "AUS"]
[Source "lmi"]
[SourceDate "2009.06.20"]

1. e4 e5 2. Nf3 Nc6 3. Bb5 a6 4. Bxc6 dxc6 5. O-O Bg4 6. h3 Bxf3 7. Qxf3 Qh4 8.
Qb3 O-O-O 9. d3 Qf6 10. Be3 Ne7 11. Nd2 Ng6 12. Nc4 c5 13. Qc3 Qe6 14. a3 Nf4
15. Qxe5 Ne2+ 16. Kh1 Bd6 17. Qxe6+ fxe6 18. c3 Rhf8 19. Nxd6+ cxd6 20. g3 Rf3
21. Kg2 Rdf8 22. Rae1 1-0

[Event "Zonal Oceania 2009"]
[Site "Tweed Heads AUS"]
[Date "2009.06.24"]
[Round "7.11"]
[White "Ambrus, Endre"]
[Black "Kumar, Manoj"]
[Result "0-1"]
[WhiteElo "2375"]
[BlackElo "2017"]
[PlyCount "100"]
[EventDate "2009.06.20"]
[EventType "swiss"]
[EventRounds "9"]
[EventCountry "AUS"]
[Source "lmi"]
[SourceDate "2009.06.20"]

1. b3 Nf6 2. Bb2 e6 3. g3 d5 4. Bg2 c5 5. Nf3 Nc6 6. O-O Bd6 7. d4 O-O 8. Nbd2
cxd4 9. Nxd4 e5 10. Nb5 Bb8 11. c4 Be6 12. Ba3 Re8 13. cxd5 Bxd5 14. Nc4 Bxg2
15. Kxg2 Nd4 16. Nxd4 exd4 17. Qd3 Ne4 18. Bb2 b5 19. Nd2 Nc3 20. Nf3 Be5 21.
e3 Bf6 22. exd4 Nd5 23. Qxb5 Rb8 24. Qd3 Nb4 25. Qd2 Qd5 26. Rfc1 Qb7 27. Rc4
g5 28. Ba3 g4 29. Rxb4 Qxf3+ 30. Kg1 Rxb4 31. Qxb4 h5 32. Qd6 h4 33. Qf4 Qxf4
34. gxf4 Bxd4 35. Rd1 Re4 36. Bc1 g3 37. Be3 Bxe3 38. fxe3 Rxe3 39. Rd2 Kg7 40.
hxg3 hxg3 41. Kg2 Kf6 42. Kh3 Kf5 43. Rd4 f6 44. Ra4 Rf3 45. Ra6 Rc3 46. Rxa7
Kxf4 47. Ra4+ Kf3 48. Rg4 Kf2 49. b4 f5 50. Rf4+ Rf3 0-1

[Event "Zonal Oceania 2009"]
[Site "Tweed Heads AUS"]
[Date "2009.06.24"]
[Round "7.12"]
[White "Kempen, Leon"]
[Black "Steadman, Michael"]
[Result "0-1"]
[WhiteElo "2050"]
[BlackElo "2262"]
[PlyCount "114"]
[EventDate "2009.06.20"]
[EventType "swiss"]
[EventRounds "9"]
[EventCountry "AUS"]
[Source "lmi"]
[SourceDate "2009.06.20"]

1. e4 c5 2. Nf3 d6 3. Bc4 Nf6 4. e5 dxe5 5. Nxe5 e6 6. Qe2 Bd6 7. b3 a6 8. Bb2
Qc7 9. f4 O-O 10. O-O Re8 11. Nc3 Nbd7 12. Rae1 Nf8 13. Ne4 Nxe4 14. Qxe4 Rb8
15. f5 b5 16. fxe6 Bxe6 17. Bxe6 Rxe6 18. Qd5 Rd8 19. c4 h6 20. g3 Bxe5 21.
Bxe5 Rxd5 22. Bxc7 Rxd2 23. cxb5 axb5 24. a4 bxa4 25. bxa4 Rxe1 26. Rxe1 Ne6
27. Bb6 Ra2 28. a5 Kh7 29. Rd1 Kg6 30. Rf1 f5 31. Rf2 Ra4 32. Rd2 Kf6 33. Rd6
Ke5 34. Rc6 Kd5 35. Rc8 Ra2 36. h4 Kd6 37. Kf1 Kd7 38. Ra8 Kc6 39. Re8 Kd5 40.
Re7 c4 41. Ke1 g5 42. Rh7 gxh4 43. gxh4 Nf4 44. Kd1 Nd3 45. Rd7+ Ke4 46. Rd4+
Ke5 47. Rd8 Ke4 48. Rd4+ Kf3 49. Rd6 f4 50. Rd5 h5 51. Rd6 Ke4 52. Rd4+ Ke5 53.
Rd8 f3 54. Re8+ Kf5 55. Rf8+ Kg4 56. Bd8 c3 57. Rg8+ Kh3 0-1

[Event "Zonal Oceania 2009"]
[Site "Tweed Heads AUS"]
[Date "2009.06.24"]
[Round "7.13"]
[White "Jule, Sebastian"]
[Black "Schon, Eugene"]
[Result "0-1"]
[WhiteElo "1847"]
[BlackElo "2186"]
[PlyCount "62"]
[EventDate "2009.06.20"]
[EventType "swiss"]
[EventRounds "9"]
[EventCountry "AUS"]
[Source "lmi"]
[SourceDate "2009.06.20"]

1. d4 d5 2. c4 c6 3. cxd5 cxd5 4. Nc3 Nf6 5. Bf4 Qb6 6. Qd2 Nc6 7. e3 Bf5 8.
Nf3 e6 9. a3 Rc8 10. Rc1 Be7 11. Bb5 O-O 12. Bxc6 bxc6 13. Ne5 c5 14. dxc5 Qxc5
15. O-O Qa5 16. Nf3 Qa6 17. Rfd1 Bg4 18. Qe2 Qxe2 19. Nxe2 Bxf3 20. gxf3 Nd7
21. e4 Nb6 22. Be3 Nc4 23. exd5 Nxb2 24. d6 Rxc1 25. Rxc1 Bxd6 26. Rc2 Bxa3 27.
Bc1 Rb8 28. Nd4 h6 29. Nc6 Rb3 30. Nxa7 Nd3 31. Be3 Rb1+ 0-1

[Event "Zonal Oceania 2009"]
[Site "Tweed Heads AUS"]
[Date "2009.06.24"]
[Round "7.15"]
[White "Lester, George"]
[Black "Nakauchi, Gene"]
[Result "0-1"]
[WhiteElo "1801"]
[BlackElo "2076"]
[PlyCount "76"]
[EventDate "2009.06.20"]
[EventType "swiss"]
[EventRounds "9"]
[EventCountry "AUS"]
[Source "lmi"]
[SourceDate "2009.06.20"]

1. d4 Nf6 2. c4 c5 3. d5 d6 4. Nc3 g6 5. e4 Bg7 6. h3 O-O 7. Nf3 Na6 8. Bd3 Nc7
9. O-O Rb8 10. Re1 Bd7 11. a4 e5 12. dxe6 Nxe6 13. e5 dxe5 14. Nxe5 a6 15. Bf1
Qc7 16. Nd5 Nxd5 17. Nxd7 Qxd7 18. Qxd5 Qc7 19. a5 Rbd8 20. Qf3 Nd4 21. Qd3 h6
22. Qd1 b5 23. axb6 Qxb6 24. Qa4 Nb3 25. Qxa6 Qb4 26. Be3 Nxa1 27. Rxa1 Qxb2
28. Re1 Rfe8 29. Qa4 Re6 30. Rd1 Rxd1 31. Qxd1 Bd4 32. Qc1 Qxc1 33. Bxc1 Kg7
34. Bd2 Ra6 35. g4 Ra2 36. Be1 Kf6 37. Kg2 g5 38. Bd3 Ra1 0-1

[Event "Zonal Oceania 2009"]
[Site "Tweed Heads AUS"]
[Date "2009.06.24"]
[Round "7.16"]
[White "Grigg, Sam"]
[Black "Illingworth, Max"]
[Result "1-0"]
[WhiteElo "1927"]
[BlackElo "2243"]
[PlyCount "85"]
[EventDate "2009.06.20"]
[EventType "swiss"]
[EventRounds "9"]
[EventCountry "AUS"]
[Source "lmi"]
[SourceDate "2009.06.20"]

1. c4 e5 2. Nc3 Bb4 3. g3 Bxc3 4. bxc3 d6 5. Bg2 f5 6. d4 e4 7. f3 Nf6 8. Bg5
O-O 9. Qc2 exf3 10. Nxf3 Nbd7 11. O-O Qe8 12. Rae1 Ne4 13. Bc1 Ndf6 14. Nd2 Bd7
15. Nxe4 Nxe4 16. Bxe4 fxe4 17. Rxf8+ Kxf8 18. Rf1+ Kg8 19. Rf4 Qh5 20. Rh4 Qg6
21. Qxe4 Bf5 22. Qxb7 Re8 23. Rf4 h5 24. Qd5+ Be6 25. Qe4 Qxe4 26. Rxe4 Kf7 27.
d5 Bf5 28. Rxe8 Kxe8 29. Kf2 Bb1 30. Ke3 Bxa2 31. Kd4 Kd7 32. c5 c6 33. e4 a5
34. cxd6 Kxd6 35. e5+ Kd7 36. c4 cxd5 37. cxd5 a4 38. e6+ Ke8 39. Ke5 Bc4 40.
d6 Bb5 41. d7+ Bxd7 42. exd7+ Kxd7 43. Kf5 1-0

[Event "Zonal Oceania 2009"]
[Site "Tweed Heads AUS"]
[Date "2009.06.24"]
[Round "7.17"]
[White "Marcos, Joselito"]
[Black "Liu, Yi"]
[Result "1/2-1/2"]
[WhiteElo "2200"]
[BlackElo "1938"]
[PlyCount "117"]
[EventDate "2009.06.20"]
[EventType "swiss"]
[EventRounds "9"]
[EventCountry "AUS"]
[Source "lmi"]
[SourceDate "2009.06.20"]

1. Nf3 d5 2. d4 c6 3. c3 Bf5 4. Bf4 e6 5. Nbd2 Be7 6. h3 h6 7. e3 Nf6 8. Be2
O-O 9. O-O Ne4 10. Nxe4 Bxe4 11. Bd3 Bxd3 12. Qxd3 Nd7 13. Nd2 c5 14. a4 Bf6
15. b4 cxb4 16. cxb4 Qe7 17. Qb3 g5 18. Bh2 Rac8 19. Rac1 h5 20. Rc3 Rxc3 21.
Qxc3 Nb6 22. a5 Rc8 23. Qb3 Nd7 24. Rb1 Qf8 25. Qd1 h4 26. Qg4 Be7 27. Nf3 Qh6
28. Ne5 Qh7 29. Qd1 Nxe5 30. Bxe5 f6 31. Bh2 Qc2 32. Qxc2 Rxc2 33. Bb8 a6 34.
g3 hxg3 35. Bxg3 Rc4 36. b5 Rb4 37. Rxb4 Bxb4 38. bxa6 bxa6 39. Bc7 Kf7 40. Kf1
Ke7 41. Ke2 Kd7 42. Bb6 Be7 43. Kf3 f5 44. Kg3 Kc6 45. f4 Kb5 46. Bc7 Kc6 47.
Bb6 Kd7 48. Bc5 Bd8 49. Bb4 Ke8 50. Kf3 Kf7 51. fxg5 Bxg5 52. Bc5 Kg6 53. Bb4
Kh5 54. Be1 Bd8 55. Bb4 Kh4 56. Be1+ Kg5 57. Bb4 Kh4 58. Be1+ Kg5 59. Bb4
1/2-1/2

[Event "Zonal Oceania 2009"]
[Site "Tweed Heads AUS"]
[Date "2009.06.24"]
[Round "7.18"]
[White "Juszczynski, Mathew"]
[Black "Jones, Brian"]
[Result "1-0"]
[WhiteElo "1914"]
[BlackElo "2062"]
[PlyCount "87"]
[EventDate "2009.06.20"]
[EventType "swiss"]
[EventRounds "9"]
[EventCountry "AUS"]
[Source "lmi"]
[SourceDate "2009.06.20"]

1. c4 e5 2. Nc3 Nc6 3. e4 g6 4. g3 Bg7 5. Bg2 d6 6. Nge2 Be6 7. d3 Qd7 8. Nd5
Nce7 9. O-O c6 10. Ndc3 Bh3 11. b4 h5 12. f3 Bxg2 13. Kxg2 h4 14. g4 h3+ 15.
Kg1 f5 16. exf5 gxf5 17. Ng3 Nf6 18. gxf5 Nxf5 19. Bg5 Nxg3 20. hxg3 h2+ 21.
Kh1 Nh5 22. Qe1 Qh3 23. Ne2 O-O 24. Rd1 Rf5 25. Be7 Bf8 26. Bh4 d5 27. Rf2 Rf7
28. Rxh2 Qf5 29. Ng1 Qg6 30. g4 Ng7 31. Bg3 Re8 32. Qf1 e4 33. Qh3 Rfe7 34.
fxe4 Re6 35. Rf1 Rf6 36. Rxf6 Qxf6 37. Qh8+ Kf7 38. Rf2 Qxf2 39. Bxf2 dxe4 40.
Qh3 Bxb4 41. dxe4 Kg8 42. g5 Kf7 43. Bd4 Bf8 44. Nf3 1-0

[Event "Zonal Oceania 2009"]
[Site "Tweed Heads AUS"]
[Date "2009.06.24"]
[Round "7.19"]
[White "Krstev, Antonio"]
[Black "Searle, Zachary"]
[Result "1-0"]
[WhiteElo "2056"]
[BlackElo "1791"]
[PlyCount "71"]
[EventDate "2009.06.20"]
[EventType "swiss"]
[EventRounds "9"]
[EventCountry "AUS"]
[Source "lmi"]
[SourceDate "2009.06.20"]

1. d4 d5 2. c4 c6 3. Nc3 e6 4. e3 Nf6 5. a3 Nbd7 6. Bd3 dxc4 7. Bxc4 b5 8. Bd3
a6 9. b4 e5 10. Nf3 exd4 11. exd4 Nd5 12. O-O Be7 13. Nxd5 cxd5 14. Qc2 Nf6 15.
Bg5 Qb6 16. Rac1 Be6 17. Rfe1 Rc8 18. Qxc8+ Bxc8 19. Rxc8+ Kd7 20. Rxh8 Ne4 21.
Bxe4 dxe4 22. Ne5+ Ke6 23. Bxe7 Kxe7 24. Rxe4 Qc7 25. Nd3+ Kf6 26. Nc5 a5 27.
g3 axb4 28. axb4 Qa7 29. Rxh7 Qa1+ 30. Kg2 Kg6 31. Rh8 Qa2 32. Rd8 f5 33. Rd6+
Kf7 34. Rd7+ Kf8 35. Ree7 Qa8+ 36. d5 1-0